Statistics for Objects by Picture - R

Click here to take the quiz!

General Stats

  • This quiz has been taken 369 times
  • The average score is 12 of 15

Answer Stats

Answer% Correct
Ring
100%
Radio
97%
Rose
96%
Remote
95%
Rope
95%
Rat
93%
Ruler
92%
Rice
91%
Rake
73%
Reef
71%
Reindeer
70%
Rook
69%
Ravioli
68%
Roulette
68%
Rudder
33%

Score Distribution

Percentile by Number Answered

Percent of People with Each Score

Your Score History

You have not taken this quiz